The runaway racehorse / (Record no. 2126)

MARC details
000 -LEADER
fixed length control field 01131cam a2200325 a 4500
005 - DATE AND TIME OF LATEST TRANSACTION
control field 20250206161043.0
020 ## - INTERNATIONAL STANDARD BOOK NUMBER
International Standard Book Number 0375813675 (
020 ## - INTERNATIONAL STANDARD BOOK NUMBER
International Standard Book Number 037591367
040 ## - CATALOGING SOURCE
Original cataloging agency DLC
Transcribing agency DLC
Modifying agency DLC
Language of cataloging eng
050 00 - LIBRARY OF CONGRESS CALL NUMBER
Classification number PZ7.R8139
Item number Ru 2002
082 00 - DEWEY DECIMAL CLASSIFICATION NUMBER
Edition number 21
Classification number 813.54
100 1# - MAIN ENTRY--PERSONAL NAME
Personal name Roy, Ron
Dates associated with a name 1940-
245 14 - TITLE STATEMENT
Title The runaway racehorse /
Statement of responsibility, etc. by Ron Roy ; illustrated by John Steven Gurney.
250 ## - EDITION STATEMENT
Edition statement First Scholastic printing, September 2003
260 ## - PUBLICATION, DISTRIBUTION, ETC.
Place of publication, distribution, etc. New York :
Name of publisher, distributor, etc. Scholastic,
Date of publication, distribution, etc. 2002
300 ## - PHYSICAL DESCRIPTION
Extent 84 pages :
Other physical details illustrations
Dimensions 21 cm
490 1# - SERIES STATEMENT
Series statement A to Z mysteries
500 ## - GENERAL NOTE
General note "A Stepping Stone book."
505 ## - FORMATTED CONTENTS NOTE
Formatted contents note K
520 ## - SUMMARY, ETC.
Summary, etc. Dink, Josh, and Ruth Rose investigate the disappearance of a valuable racehorse that Dink's uncle and his friend, Forest Evans, have just bought and entered in a race at Saratoga.
521 0# - TARGET AUDIENCE NOTE
Target audience note 580
Source Lexile
521 0# - TARGET AUDIENCE NOTE
Target audience note K
Source Raz-Plus
650 #1 - SUBJECT ADDED ENTRY--TOPICAL TERM
Topical term or geographic name entry element Race horses
Form subdivision Fiction.
650 #1 - SUBJECT ADDED ENTRY--TOPICAL TERM
Topical term or geographic name entry element Horses
Form subdivision Fiction.
650 #1 - SUBJECT ADDED ENTRY--TOPICAL TERM
Topical term or geographic name entry element Mystery and detective stories.
700 1# - ADDED ENTRY--PERSONAL NAME
Personal name Gurney, John Steven
Dates associated with a name 1962-
Relator term illrustrator
906 ## - LOCAL DATA ELEMENT F, LDF (RLIN)
a 7
b cbc
c orignew
d 1
e ecip
f 20
g y-gencatlg
942 ## - ADDED ENTRY ELEMENTS (KOHA)
Source of classification or shelving scheme Dewey Decimal Classification
Koha item type Books
Suppress in OPAC No
999 ## -
-- 2126
-- 2126
Holdings
Withdrawn status Lost status Source of classification or shelving scheme Damaged status Not for loan Collection Home library Current library Shelving location Date acquired Total Checkouts Full call number Barcode Date last seen Date last checked out Price effective from Koha item type Copy number
    Dewey Decimal Classification     Juvenile Fiction Footprints International School Library Network Toul Kork Campus Footprints International School Library Network Toul Kork Campus TK Primary Library Room(4th Floor), Bookcase 3&4, Shelves 17-32, Yellow Books 11/07/2023 1 ROY 813.54 PZ7.R8139 FISTK00589 06/09/2025 12/03/2024 11/07/2023 Books  
    Dewey Decimal Classification     Juvenile Fiction Footprints International School Library Network Toul Kork Campus Footprints International School Library Network Toul Kork Campus TTP Primary Yellow Bookshelves 02/06/2025   ROY 813.54 PZ7.R8139 2025-0439 02/06/2025   02/06/2025 Books 2